| 000 | 00682nam a2200229 i 4500 | ||
|---|---|---|---|
| 001 | 22972 | ||
| 003 | ES-MaACL | ||
| 005 | 20250727025839.0 | ||
| 007 | t| | ||
| 008 | 021205s1986 sp ||||1| spa d | ||
| 020 | _a84-85887-91-3 | ||
| 100 | 1 |
_aAlsina Clota, José. _920486 |
|
| 245 | 1 | 0 |
_aEtología, ciencia actual / _cJosé Alsina. |
| 250 | _a[1ª ed.]. | ||
| 260 |
_aBarcelona : _bAnthropos, _c1986. |
||
| 300 |
_a153 p. ; _c20 cm. |
||
| 490 | 1 |
_aAutores, textos y temas. Antropología ; _v9 |
|
| 504 | _aBibliografía : p. 151-153. | ||
| 830 | 0 |
_aAutores, textos y temas. Antropología _v9 _9177281 |
|
| 852 |
_aES-MaACL _jL-10863 _bR.112523 |
||
| 999 |
_c22972 _d22972 |
||